Chroniques de l'oeil-de-boeuf, des petits appartements de la cour et des salons de Paris sous Louis XIV, la Régence, Louis XV et Louis XVI / (Record no. 166565)
[ view plain ]
| 000 -LEADER | |
|---|---|
| campo de control de longitud fija | 01273nam a2200277 i 4500 |
| 001 - NÚMERO DE CONTROL | |
| campo de control | 166565 |
| 003 - IDENTIFICADOR DE NÚMERO DE CONTROL | |
| campo de control | ES-MaACL |
| 005 - FECHA Y HORA DE LA ÚLTIMA TRANSACCIÓN | |
| campo de control | 20250704063123.0 |
| 008 - DATOS DE LONGITUD FIJA--INFORMACIÓN GENERAL | |
| campo de control de longitud fija | 981002q18501860fr a |||| | fre d |
| 040 ## - FUENTE DE CATALOGACIÓN | |
| Centro catalogador/agencia de origen | GA |
| Lengua de catalogación | spa |
| Centro/agencia transcriptor | CCPB | 3D |
| 100 1# - ENTRADA PRINCIPAL--NOMBRE DE PERSONA | |
| Nombre de persona | Touchard-Lafosse, Georges, |
| Fechas asociadas al nombre | 1780-1847 |
| 9 (RLIN) | 133349 |
| 245 10 - MENCIÓN DEL TÍTULO | |
| Título | Chroniques de l'oeil-de-boeuf, des petits appartements de la cour et des salons de Paris sous Louis XIV, la Régence, Louis XV et Louis XVI / |
| Mención de responsabilidad, etc. | par G. Touchard-Lafosse. |
| 250 ## - MENCION DE EDICION | |
| Mención de edición | Nouvelle éd. augm. du régne de Louis XIII |
| Resto de la mención de edición | illustrée par Janet-Lange. |
| 260 ## - PUBLICACIÓN, DISTRIBUCIÓN, ETC. | |
| Lugar de publicación, distribución, etc. | Paris : |
| Nombre del editor, distribuidor, etc. | Gustave Barba, |
| Fecha de publicación, distribución, etc. | [s.a.] ( |
| Fabricante | Typ. Henri Plon) |
| 300 ## - DESCRIPCIÓN FÍSICA | |
| Extensión | 320, 328 p. : |
| Otras características físicas | il. ; |
| Dimensiones | 31 cm. |
| 490 1# - MENCIÓN DE SERIE | |
| Mención de serie | Le Panthéon populaire. 17ème série |
| 596 ## - NOTA AL PIE DE IMPRENTA | |
| NOTA AL PIE DE IMPRENTA | Gustave Barba y Henri Plon trabajan juntos entre 1850 y 1860. |
| 597 ## - NOTA DE DESCRIPCIÓN FÍSICA | |
| NOTA DE DESCRIPCIÓN FÍSICA | Texto a dos col. |
| 597 ## - NOTA DE DESCRIPCIÓN FÍSICA | |
| NOTA DE DESCRIPCIÓN FÍSICA | 2 t. en 1 v. |
| 600 07 - PUNTO DE ACCESO ADICIONAL DE MATERIA--NOMBRE DE PERSONA | |
| Nombre de persona | Luis |
| Numeración | XIII, |
| Títulos y otros términos asociados al nombre | Rey de Francia |
| Fuente del encabezamiento o término | |
| 9 (RLIN) | 129133 |
| 600 04 - PUNTO DE ACCESO ADICIONAL DE MATERIA--NOMBRE DE PERSONA | |
| Nombre de persona | Luis |
| Numeración | XIV, |
| Títulos y otros términos asociados al nombre | Rey de Francia |
| 9 (RLIN) | 74697 |
| 650 #4 - PUNTO DE ACCESO ADICIONAL DE MATERIA--TÉRMINO DE MATERIA | |
| Término de materia o nombre geográfico como elemento de entrada | Corte y cortesanos- |
| Subdivisión geográfica | Francia. |
| 9 (RLIN) | 151835 |
| 830 0# - PUNTO DE ACCESO ADICIONAL DE SERIE-TÍTULO UNIFORME | |
| Título uniforme | Le Panthéon populaire. 17ème série |
| 9 (RLIN) | 222559 |
| 852 ## - LOCALIZACIÓN | |
| Ubicación | ES-MaACL |
| Número de control de estantería | C-2266 |
| Nota libre | - Enc. hol. |
| -- | . - Legado de Modesto de la Fuente |
| condición física | - Falto de port. |
| Encuadernación | - Edic.: la BLPC lo fecha ca. 1855-1864 |
| Estatus retirado | Estado de pérdida | Estado de daño | No para préstamo | Biblioteca de origen | Biblioteca actual | Ubicación en estantería | Fecha de adquisición | Fuente de adquisición | Total de préstamos | Signatura topográfica completa | Código de barras | Visto por última vez | Precio de reemplazo | Tipo de ítem Koha |
|---|---|---|---|---|---|---|---|---|---|---|---|---|---|---|
| Biblioteca del Ateneo de Madrid | Biblioteca del Ateneo de Madrid | Sala Palomar | 17/01/2008 | C-2266 | 1174696 | 23/02/2023 | 23/02/2023 | Libro impreso |
